00919cam a22002654a 4500001001300000003000400013005001700017008004100034010001700075035002000092040001300112050002600125100001900151245009200170250002300262260004800285300002500333546001400358500010800372504005600480650005500536630003200591650001300623999001700636sa 67001115 DLC20260227112320.0891120s1966 ii b 000 0 hino  asa 67001115  a(OCoLC)20674560 aDLCcDLC00aPK2040.5b.V4835 19660 aVinaya,d1937-10aMahābhārata kā ādhunika Hindī prabandha kāvyoṃ para prabhāva /cVinaya. a1. saṃskaraṇa. aDillī :bSanmārga Prakāśana,c1966. a20, 484 p. ;c22 cm. aIn Hindi. a"Dillī Viśvavidyālaya kī Pī.-Eca. Ḍī kī upādhi ke lie svīkr̥ta śodha-prabandha." aIncludes bibliographical references (p. [479]-484). 0aHindi poetryy20th centuryxHistory and criticism.00aMahābhārataxInfluence. 0aPoetics. c72395d72395